000 00448nam a2200157 4500
001 113351
003 ES-MaACL
005 20230906185845.0
007 t|
008 061121s1969 sp r ||||1| spa d
100 1 _aPablo
_bVI
_cPapa, Santo.
_9168351
245 1 0 _aPablo VI y la Acción Católica /
_cpapa Pablo VI.
260 _aMadrid :
_bAcción Católica,
_c1969.
300 _aXVI, 259 p. ;
_c19 cm.
852 _aES-MaACL
_jC-51540
_bR.72216
999 _c113351
_d113351